El periodísmo cultural

Gorde:
Xehetasun bibliografikoak
Egile nagusia: Rivera, Jorge B (Egilea)
Formatua: Liburua
Hizkuntza:gaztelania
Argitaratua: Buenos Aires Paidós 1995
Saila:Colección Estudios de Comunicación, 2
Gaiak:
Etiketak: Etiketa erantsi
Etiketarik gabe, Izan zaitez lehena erregistro honi etiketa jartzen!

MARC

LEADER 00000nam a2200000 a 4500
001 UCZ0975
003 CL-VaPUC
008 950810e19950000AG |||||||||||||||||spa|d
082 0 4 |a 070.4  |b RIV  |2 21 
100 0 |a Rivera, Jorge B  |e author  |9 344284 
245 1 3 |a El periodísmo cultural 
300 |a 217 p 
942 |c BK 
945 |d 19950810 00:00:00  |a rbrito 
260 |a Buenos Aires  |b Paidós  |c 1995 
650 7 |a PERIODISMO CULTURAL  |2 CL-VaPUC  |9 335503 
650 0 |a Periodismo   |9 310113 
650 0 |a Cultura  |9 269059 
650 0 |a Periodistas   |9 335499 
650 7 |a REDACTORES  |2 CL-VaPUC  |9 334808 
650 7 |a CAPACITACION DE PERIODISTAS  |2 CL-VaPUC  |9 343087 
583 |a last modification  |c 19950810 00:00:00  |k Rodrigo Vera 
490 0 |a Colección Estudios de Comunicación, 2 
999 |c 237834  |d 237832 
952 |0 0  |1 0  |4 0  |6 070_400000000000000_RIV_1995  |7 0  |8 A  |9 247554  |a BIBCUR  |b BIBCUR  |d 2019-11-18  |i 3119734  |l 2  |o 070.4 RIV 1995  |p 3119734  |r 2025-04-22  |s 2025-04-07  |w 2019-11-18  |y BK  |k PER